Properties of materials : (Record no. 3603)

MARC details
000 -LEADER
fixed length control field 00692nam a22002292 4500
001 - CONTROL NUMBER
control field 0000012764
005 - DATE AND TIME OF LATEST TRANSACTION
control field 20151217145857.0
008 - FIXED-LENGTH DATA ELEMENTS--GENERAL INFORMATION
fixed length control field 090319s xx 000 0 eng d
020 ## - INTERNATIONAL STANDARD BOOK NUMBER
International Standard Book Number 0198520764 :
040 ## - CATALOGING SOURCE
Original cataloging agency KABU
Transcribing agency KABU
100 1# - MAIN ENTRY--PERSONAL NAME
Personal name Newnham, Robert E.
-- 0000169672
245 10 - TITLE STATEMENT
Title Properties of materials :
Remainder of title anisotropy, symmetry, structure /
Statement of responsibility, etc. Robert E. Newnham.
250 ## - EDITION STATEMENT
Edition statement 1st ed.
260 ## - PUBLICATION, DISTRIBUTION, ETC. (IMPRINT)
Place of publication, distribution, etc. Oxford :
Name of publisher, distributor, etc. O. U. P.,
Date of publication, distribution, etc. 2005.
300 ## - PHYSICAL DESCRIPTION
Extent xii, 378 p.
650 #0 - SUBJECT ADDED ENTRY--TOPICAL TERM
Topical term or geographic name as entry element Crystallography.
-- 0000169673
650 #0 - SUBJECT ADDED ENTRY--TOPICAL TERM
Topical term or geographic name as entry element Ansotropy.
-- 0000169674
650 #0 - SUBJECT ADDED ENTRY--TOPICAL TERM
Topical term or geographic name as entry element Materials.
-- 0000156149
852 1# - LOCATION
-- p3862.50 KES
908 ## - PUT COMMAND PARAMETER (RLIN)
Put command parameter 090319
950 ## - LOCAL HOLDINGS (RLIN)
-- 1
Holdings
Withdrawn status Lost status Source of classification or shelving scheme Not for loan Home library Current library Date acquired Total Checkouts Full call number Barcode Date last seen Price effective from Koha item type
    Library of Congress Classification   Kabarak, Main Campus Kabarak, Main Campus 17/12/2015   QD931 .N49 2005 c. 1 17243 17/12/2015 17/12/2015 General Collection
Designed with assistance from East African Informatics Ltd